[Event "AUTO-OPEN-2300"]
[Site "http://www.queenalice.com/game.php?id=913909"]
[Date "2011.3.17"]
[Round "1"]
[White "Jac"]
[Black "ivanguedes"]
[Result "1-0"]
[WhiteElo "1852"]
[BlackElo "1593"]

1. e4 a6 2. Nf3 Nc6 3. d4 d5 4. e5 Bg4 5. h3 Bxf3 6. gxf3 e6 7. Be3 Bb4+ 8. c3
Ba5 9. Bd3 Nge7 10. Nd2 O-O 11. Rg1 b5 12. Bh6 Ng6 13. Bxg6 fxg6 14. Be3 Rb8 15.
a3 Ne7 16. Bg5 Rf5 17. Nb3 Bb6 18. Qd3 c5 19. dxc5 Rxe5+ 20. Be3 Bc7 21. O-O-O
Rf5 22. Bd4 Qf8 23. Nd2 Bf4 24. h4 Bxd2+ 25. Rxd2 Rxf3 26. Qe2 Nc6 27. Rg3 Nxd4
28. cxd4 Rxg3 29. fxg3 a5 30. Qxe6+ Qf7 31. Qxf7+ Kh8 32. Qxd5 h5 33. c6 1-0

[Event "AUTO-OPEN-2300"]
[Site "http://www.queenalice.com/game.php?id=913910"]
[Date "2011.3.17"]
[Round "1"]
[White "ivanguedes"]
[Black "Jac"]
[Result "0-1"]
[WhiteElo "1541"]
[BlackElo "1916"]

1. e4 e5 2. a3 Nc6 3. d3 Bc5 4. Nf3 Nf6 5. Bg5 O-O 6. Bxf6 Qxf6 7. Nc3 Qd6 8.
Nb5 Bxf2+ 9. Kd2 Qc5 10. Qe2 Qxb5 11. Qxf2 Qxb2 12. Be2 Qb5 13. Ng5 d6 14. Bh5
g6 15. Bf3 Nd4 16. Qh4 Nxf3+ 17. Nxf3 Qc5 18. Ng5 h5 19. Rhf1 Be6 20. h3 a5 21.
g4 f6 22. Nxe6 Qa7 23. Nxf8 Rxf8 24. gxh5 g5 25. Qg4 b5 26. h4 Qd4 27. hxg5 f5
28. Qg2 f4 29. g6 Qe3+ 30. Kc3 Qd4+ 31. Kd2 Qe3+ 32. Kc3 Qd4+ 33. Kd2 Qe3+ 34.
Kd1 f3 35. Qd2 Qd4 36. Qh6 Qxa1+ 37. Qc1 Qxc1+ 38. Kxc1 Kg7 39. Rf2 Rf4 40. Kd2
Rh4 41. Ke3 Rxh5 42. Rxf3 c5 43. Rg3 b4 44. a4 Rh2 45. Rf3 Rxc2 46. Rf7+ Kxg6
47. Rd7 Ra2 0-1

[Event "AUTO-OPEN-2300"]
[Site "http://www.queenalice.com/game.php?id=913923"]
[Date "2011.3.17"]
[Round "1"]
[White "ivanguedes"]
[Black "Pagano"]
[Result "0-1"]
[WhiteElo "1582"]
[BlackElo "2049"]

1. e4 e5 2. Bc4 Nf6 3. d3 Bc5 4. Bg5 d5 5. Bxf6 Qxf6 6. Qf3 dxc4 7. Qxf6 gxf6 8.
Nc3 c6 9. Na4 Be7 10. dxc4 Be6 11. b3 Rg8 12. g3 b5 13. cxb5 cxb5 14. Nc3 Bb4
15. Kd2 Nc6 16. Ne2 O-O-O+ 17. Ke3 Bxc3 18. Rab1 Bd4+ 19. Kd2 Bxf2+ 20. Kc1 Be3+
21. Kb2 Rd2 22. Nc1 b4 23. Rf1 Bd4# 0-1

[Event "AUTO-OPEN-2300"]
[Site "http://www.queenalice.com/game.php?id=913924"]
[Date "2011.3.17"]
[Round "1"]
[White "Pagano"]
[Black "ivanguedes"]
[Result "1-0"]
[WhiteElo "2033"]
[BlackElo "1581"]

1. e4 d6 2. f4 Nc6 3. Nf3 Bg4 4. Bb5 Bxf3 5. Qxf3 Qd7 6. d4 a6 7. Bxc6 Qxc6 8.
Nc3 Qc4 9. b3 Qxd4 10. Bb2 e6 11. Rd1 Qf6 12. e5 Qh4+ 13. g3 Qd8 14. Qxb7 d5 15.
Qc6+ Ke7 16. Rxd5 exd5 17. Nxd5+ Qxd5 18. Qxd5 Rd8 19. Qc6 Rd7 20. O-O g6 21.
Ba3+ Ke8 22. Rd1 Bd6 23. exd6 cxd6 24. Rxd6 Ne7 25. Qxd7+ Kf8 26. Qd8+ Kg7 27.
Bb2+ f6 28. Qxe7+ Kh6 29. Qxf6 Rg8 30. Rd7 a5 31. Qh4# 1-0

[Event "AUTO-INT-1984"]
[Site "http://www.queenalice.com/game.php?id=913974"]
[Date "2011.3.17"]
[Round "1"]
[White "ivanguedes"]
[Black "saturnin"]
[Result "1-0"]
[WhiteElo "1579"]
[BlackElo "1634"]

1. e4 e6 2. e5 d6 3. f4 d5 4. d4 g6 5. h4 Ne7 6. Bd3 Bg7 7. Qg4 O-O 8. h5 Nf5 9.
hxg6 fxg6 10. Qh3 h5 11. Bxf5 exf5 12. Qg3 Kf7 13. Nh3 Bh6 14. Nc3 c6 15. Qe3
Be6 16. Na4 b5 17. Nc5 Bc8 18. e6+ Ke8 19. Bd2 Qe7 20. Bb4 Qf6 21. O-O-O Rg8 22.
Rde1 Na6 23. Nxa6 Bxa6 24. e7 g5 25. g3 g4 26. Nf2 Rg7 27. Rxh5 Bc8 28. Qe5 Qxe5
29. dxe5 Rg6 30. Rxf5 Rg8 31. Rh1 Bxf5 32. Rxh6 a5 33. Bc5 b4 34. b3 Ra7 35.
Bxa7 Kxe7 36. Rxc6 Rh8 37. Rc7+ Bd7 38. Bc5+ Kd8 39. Ra7 Rh2 40. Rxa5 Rxf2 41.
Bxf2 Bc6 42. e6 Ke7 43. f5 Kf6 44. Ra7 Kxf5 45. e7 Kf6 46. Bc5 Be8 47. Bxb4 Ke5
48. Ra8 Bf7 49. Rf8 Ke6 50. a4 1-0

[Event "AUTO-INT-1984"]
[Site "http://www.queenalice.com/game.php?id=913975"]
[Date "2011.3.17"]
[Round "1"]
[White "saturnin"]
[Black "ivanguedes"]
[Result "1-0"]
[WhiteElo "1552"]
[BlackElo "1554"]

1. b4 d5 2. d4 Bf5 3. g3 Be4 4. f3 Bf5 5. Bg2 e6 6. c3 a6 7. Nh3 h6 8. O-O c6 9.
a4 Bxb1 10. Rxb1 b5 11. a5 Nf6 12. Bf4 Nbd7 13. e4 dxe4 14. g4 exf3 15. Qxf3 Rc8
16. Rbe1 Nd5 17. Bd2 N7f6 18. g5 Nd7 19. Qxf7# 1-0

[Event "AUTO-INT-1984"]
[Site "http://www.queenalice.com/game.php?id=913976"]
[Date "2011.3.17"]
[Round "1"]
[White "ivanguedes"]
[Black "jw16js"]
[Result "0-1"]
[WhiteElo "1612"]
[BlackElo "1538"]

1. e4 e5 2. a3 Qh4 3. d3 Bc5 4. g3 Qf6 5. Nf3 h6 6. Nc3 b6 7. Nd5 Qd6 8. c3 c6
9. d4 exd4 10. b4 Bxb4 11. cxb4 cxd5 12. e5 Qg6 13. Qxd4 Qe6 14. Bd3 Nc6 15. Qf4
Bb7 16. Bf5 Qe7 17. O-O g6 18. Bd3 Qe6 19. Bb5 g5 20. Qe3 g4 21. Bxc6 Qxc6 22.
Nd4 Qg6 23. Nb5 Kf8 24. Bb2 Qc6 25. e6 d4 26. e7+ Nxe7 27. Qxe7+ Kxe7 28. Rfe1+
Kf6 29. Bxd4+ Kg6 30. Kf1 Qxb5+ 31. Re2 Bf3 32. Re1 Rhe8 33. Be3 Qc6 34. Rd2
Rac8 35. Rd4 Qf6 36. Rf4 Qc6 37. Bd4 Qc4+ 38. Kg1 Rxe1# 0-1

[Event "AUTO-INT-1984"]
[Site "http://www.queenalice.com/game.php?id=913977"]
[Date "2011.3.17"]
[Round "1"]
[White "jw16js"]
[Black "ivanguedes"]
[Result "1-0"]
[WhiteElo "1583"]
[BlackElo "1587"]

1. c4 e5 2. e4 f6 3. Qb3 Bc5 4. Qf3 Nc6 5. Ne2 h5 6. Qc3 Qe7 7. Qb3 h4 8. Nbc3
Nb4 9. Nd5 Qd6 10. Nec3 c6 11. Nxb4 Bxb4 12. Be2 a5 13. c5 Bxc5 14. d3 Qd4 15.
O-O a4 16. Qc4 a3 17. b3 Bb4 18. Bd2 b5 19. Qxd4 exd4 20. Nd1 Bxd2 21. f4 Bb7
22. Rf2 Rh5 23. Bxh5+ Kd8 24. Rxd2 b4 25. Rc1 Nh6 26. h3 c5 27. Rxc5 Ke7 28. Nf2
Ra6 29. Rc7 Bc6 30. Rc2 Ra8 31. f5 Rb8 32. Rc5 Kd6 33. R7xc6+ dxc6 34. Rc1 c5
35. Rf1 Ng8 36. Ng4 Nh6 37. Rf4 Nxg4 38. Rxg4 g5 39. fxg6 f5 40. exf5 Rf8 41. g7
Rg8 42. Bf7 1-0

[Event "AUTO-INT-1984"]
[Site "http://www.queenalice.com/game.php?id=913978"]
[Date "2011.3.17"]
[Round "1"]
[White "ivanguedes"]
[Black "kinggeorge"]
[Result "1-0"]
[WhiteElo "1580"]
[BlackElo "1355"]

1. e4 e6 2. e5 d5 3. d4 c6 4. f4 f5 5. a3 Ne7 6. Nc3 c5 7. Be3 Qb6 8. Na4 Qa5+
9. Nc3 Nec6 10. Qh5+ g6 11. Qd1 Nxd4 12. Bxd4 cxd4 13. Qxd4 Nc6 14. Qd2 Qb6 15.
Bb5 Qc7 16. O-O-O a6 17. Bxc6+ bxc6 18. Nf3 Rb8 19. h4 Qb7 20. Na4 c5 21. b3 c4
22. b4 a5 23. c3 h6 24. Nd4 axb4 25. cxb4 g5 26. hxg5 Qa7 27. Nc6 Qc7 28. Nxb8
Qxb8 29. Rh5 Qb5 30. Nc3 Qd7 31. Ne2 Qf7 32. Rdh1 Qa7 33. Kb2 Rh7 34. gxh6 Bd7
35. Rg5 Bxh6 36. Rgh5 Bb5 37. Nc3 Bc6 38. Rxh6 Rf7 39. Rxe6+ Kd7 40. Rd6+ Kc7
41. Rhh6 Rd7 42. Rxc6+ Kb8 43. Nb5 Qa4 44. Rb6+ Ka8 45. Rh8+ Rd8 46. Rxd8# 1-0

[Event "AUTO-INT-1984"]
[Site "http://www.queenalice.com/game.php?id=913979"]
[Date "2011.3.17"]
[Round "1"]
[White "kinggeorge"]
[Black "ivanguedes"]
[Result "0-1"]
[WhiteElo "1401"]
[BlackElo "1538"]

1. e3 e5 2. c3 e4 3. g3 d5 4. Qb3 Nf6 5. Na3 Bxa3 6. Qxa3 a6 7. Qa4+ Nc6 8. d4
b5 9. Bxb5 Bb7 10. Bxc6+ Bxc6 11. Qxc6+ Nd7 12. Qxd5 O-O 13. Nh3 Qe7 14. g4 Rac8
15. Ng5 Nf6 16. Qc4 Nxg4 17. Rg1 Nxh2 18. Qd5 Rce8 19. f4 h6 20. Nf3 Nxf3+ 21.
Kf1 Nxg1 22. b3 Rd8 23. Qc4 Nf3 24. Qxa6 Qh4 25. Qe2 Qh1+ 26. Kf2 Qg1# 0-1

[Event "AUTO-OPEN-2316"]
[Site "http://www.queenalice.com/game.php?id=919123"]
[Date "2011.3.29"]
[Round "1"]
[White "hadestarcanos"]
[Black "ivanguedes"]
[Result "1-0"]
[WhiteElo "1456"]
[BlackElo "1561"]

1. e4 d6 2. c4 Be6 3. Nf3 Bg4 4. Nc3 Nc6 5. Qa4 Qd7 6. Nd5 e6 7. Nf4 O-O-O 8. b4
a6 9. b5 Nb8 10. h3 Bxf3 11. gxf3 b6 12. Bd3 e5 13. Nd5 a5 14. Bb2 f5 15. O-O-O
f4 16. Rdg1 h6 17. h4 Nf6 18. c5 dxc5 19. Rg6 Nxd5 20. exd5 Qxd5 21. Bc4 Qxd2+
22. Kb1 Nd7 23. Be6 Bd6 24. Qe4 Kb8 25. Rxg7 Nf8 26. Bf5 Qxf2 27. Qd5 Qe2 28.
Be4 c6 29. Qxc6 Rd7 30. Qa8+ Kc7 31. Qb7+ Kd8 32. Rxd7+ 1-0

[Event "AUTO-OPEN-2316"]
[Site "http://www.queenalice.com/game.php?id=919124"]
[Date "2011.3.29"]
[Round "1"]
[White "ivanguedes"]
[Black "hadestarcanos"]
[Result "0-1"]
[WhiteElo "1588"]
[BlackElo "1406"]

1. e4 c5 2. e5 h5 3. f4 d6 4. Bb5+ Bd7 5. Bxd7+ Nxd7 6. d4 c4 7. d5 dxe5 8. fxe5
Nxe5 9. Qd4 f6 10. Bf4 Qc7 11. Nd2 g5 12. Bxe5 fxe5 13. Qe4 O-O-O 14. Nxc4 Nf6
15. Qd3 Nxd5 16. Qf5+ Rd7 17. Nxe5 Ne3 18. Rc1 Nxf5 19. Nxd7 Qxd7 20. Nf3 Ne3
21. Nxg5 Qf5 22. Nf3 Nxg2+ 23. Kf2 Nf4 24. Rhd1 Nh3+ 25. Ke3 Qc5+ 26. Nd4 Bh6+
27. Ke4 Bxc1 0-1

[Event "AUTO-OPEN-2316"]
[Site "http://www.queenalice.com/game.php?id=919145"]
[Date "2011.3.29"]
[Round "1"]
[White "Bradock"]
[Black "ivanguedes"]
[Result "1-0"]
[WhiteElo "1100"]
[BlackElo "1619"]

1. b3 d5 2. Bb2 d4 3. Nf3 a5 4. Bxd4 Bg4 5. e3 Bxf3 6. Qxf3 c6 7. Be2 f6 8. O-O
e5 9. Bb2 Bb4 10. Rd1 a4 11. Qg4 g5 12. Qxb4 b5 13. Bh5+ Kd7 14. d4 Ke6 15. dxe5
Qf8 16. Qxf8 Kf5 17. Qc8+ Ke4 18. Bf3# 1-0

[Event "AUTO-OPEN-2316"]
[Site "http://www.queenalice.com/game.php?id=919146"]
[Date "2011.3.29"]
[Round "1"]
[White "ivanguedes"]
[Black "Bradock"]
[Result "0-1"]
[WhiteElo "1621"]
[BlackElo "1100"]

1. e4 e5 2. a3 Nf6 3. d3 d5 4. Bg5 dxe4 5. Bxf6 Qxf6 6. dxe4 Qb6 7. b4 a5 8. b5
Bc5 9. Qf3 O-O 10. Bc4 Bg4 11. Qxg4 Bxf2+ 12. Kd1 Qd4+ 13. Nd2 Qxa1+ 14. Ke2
Qe1+ 0-1

[Event "AUTO-OPEN-2316"]
[Site "http://www.queenalice.com/game.php?id=919157"]
[Date "2011.3.29"]
[Round "1"]
[White "Pedro666"]
[Black "ivanguedes"]
[Result "1-0"]
[WhiteElo "2330"]
[BlackElo "1597"]

1. d4 e6 2. e4 Nc6 3. d5 Ne5 4. f4 Ng6 5. c4 exd5 6. cxd5 Qh4+ 7. g3 Qe7 8. Nc3
f5 9. h4 fxe4 10. h5 Nxf4 11. Bxf4 c5 12. Nb5 Kf7 13. Nd6+ Kf6 14. Qd2 e3 15.
Qc3+ Qe5 16. Qxe5# 1-0

[Event "AUTO-OPEN-2316"]
[Site "http://www.queenalice.com/game.php?id=919158"]
[Date "2011.3.29"]
[Round "1"]
[White "ivanguedes"]
[Black "Pedro666"]
[Result "0-1"]
[WhiteElo "1621"]
[BlackElo "2333"]

1. e4 Nf6 2. e5 Nd5 3. d4 d6 4. Bc4 Nb6 5. Be2 dxe5 6. dxe5 Qxd1+ 7. Bxd1 Bf5 8.
f4 Nc6 9. Bf3 Bxc2 10. Nd2 e6 11. Ne2 Nd5 12. Bxd5 exd5 13. Nc3 O-O-O 14. Nb5
Bc5 15. Nf3 Rhe8 16. a3 f6 17. Bd2 Bd3 18. Nc3 fxe5 19. b4 exf4+ 20. Kd1 Be3 21.
g3 d4 22. Nb1 Be4 23. Bxe3 Bxf3+ 24. Kc2 Bxh1 25. Bxf4 d3+ 26. Kc3 Re1 27. Kb2
Nd4 28. Ra2 Bd5 29. Ra1 Nc2 30. Bg5 Rf8 31. Nc3 Rxa1 0-1

[Event "AUTO-INT-1864"]
[Site "http://www.queenalice.com/game.php?id=921225"]
[Date "2011.4.3"]
[Round "2"]
[White "ivanguedes"]
[Black "docesenhora"]
[Result "1-0"]
[WhiteElo "1539"]
[BlackElo "1812"]

1. e4 e5 2. Nf3 Nc6 3. Bb5 a6 4. Bxc6 dxc6 5. Nxe5 Qd4 6. Ng4 Qxe4+ 7. Ne3 Bc5
8. O-O Nf6 9. Nc3 Qg6 10. Nc4 O-O 11. Qf3 1-0

[Event "AUTO-INT-1864"]
[Site "http://www.queenalice.com/game.php?id=921226"]
[Date "2011.4.3"]
[Round "2"]
[White "docesenhora"]
[Black "ivanguedes"]
[Result "0-1"]
[WhiteElo "1785"]
[BlackElo "1566"]

1. Nf3 d5 2. c4 d4 3. e3 d3 4. Qb3 Bg4 5. Ne5 Bf5 6. Qxb7 Nd7 7. Nxd7 Kxd7 8.
Qd5+ Ke8 9. Qxf5 e6 10. Qb5+ Ke7 0-1